(Record no. 190409)

MARC details
000 -LEADER
fixed length control field 00466nam a2200145Ia 4500
041 ## - LANGUAGE CODE
Language code of text/sound track or separate title Arabic
082 ## - DEWEY DECIMAL CLASSIFICATION NUMBER
Classification number 320.9 cut-982 ه
100 ## - MAIN ENTRY--PERSONAL NAME
Personal name 20260118u\\\\\\\\\\\y0engy0103\\\\ba
Personal name ئیبراهیم خان بەگى هەکارى
245 #0 - TITLE STATEMENT
Title مختصر احوال الامراء ( کورتیه ک ژدیرۆکا میرێن هەکارى
250 ## - EDITION STATEMENT
Edition statement ط1
260 ## - PUBLICATION, DISTRIBUTION, ETC. (IMPRINT)
Name of publisher, distributor, etc چاپخانا زانکۆ دهوکى
Place of publication, distribution, etc دهوك
Date of publication, distribution, etc 2010
300 ## - PHYSICAL DESCRIPTION
Extent 172
942 ## - ADDED ENTRY ELEMENTS (KOHA)
Koha item type Books
Holdings
Withdrawn status Lost status Damaged status Not for loan Collection code Home library Current library Shelving location Date acquired Total Checkouts Full call number Barcode Date last seen Copy number Price effective from Koha item type
          Koya University Central Library Koya University Central Library Books 18/01/2026   320.9 cut-982 ه 0000096450 18/01/2026 1 18/01/2026 Books